000 005760000a22001690004500
003 MACL
005 20160403160503.0
008 160403b xxu||||| |||| 00| 0 eng d
040 _aMACL
_cMACL
041 _aHindi
082 _a400
245 _aभारतीय गणतंत्र में हिन्‍दी दशा और दिशा
260 _bनेहरू स्‍मारक संग्रहालय तथा पुस्‍तकालय
_c2000
_aदिल्‍ली
350 _a350
650 _aLanguage
_950405
942 _cHIN
_k400
_2ddc
999 _c9643
_d9643